000 00682nas a2200241 4500
001 BR4900056
003 BR-BrBNA
005 20231205081906.0
007 ta
008 230509b bl.|||p| |||| 00| 00por d
040 _aBR-BrBNA
_bpor
_cBiblioteca Nacional de Agricultura
041 _a(Pt)
072 _aE15
100 1 _aLuz Filho, F.
245 1 _aOs juros nas sociedades cooperativas
650 _aMicroeconomia
650 _aCooperativa
650 _aCapital
650 _aJuro
773 0 _tBoletim de Cooperativismo do Estado do Rio de Janeiro (Brazil)
_x
_g(Oct 1949), v. 5(44) p. 4-6
_wBR4900056
909 _a202311
_bLúcia
_c55
_dLúcia Elande
942 _2AGRIS
_n0
_cANA
999 _c87607
_d87607